00321nam a2200109Ia 4500008004100000020001800041100002800059245004300087260004400130300001800174999001900192180205s9999 xx 000 0 und d a9789715847056 aClark, Carolyn chambers aClassroom skills for nurse educators / aUKbJones and bartlett publishersc2008 aiii, 417pages c354800d354800